000 00637nam a2200193 a 4500
001 000046818
005 20201002053134.0
008 180402s2015 dr 000 0 spa d
020 _a9789945084672
040 _aDO-SdBNP
_bspa
_cBNPHU
082 _axxxx
_bxxxx
100 1 _aValdez, Manuel,
_d1965-
_911238
245 1 0 _aComo escribir un libro :
_balgunas recomendaciones... /
_cManuel Valdez.
260 _aSanto Domingo :
_bAsociación Ministerial MBC,
_c2015.
300 _a93 p. ;
_c22 cm.
500 _aIncluye datos biográficos del autor en la contracubierta
504 _aBibliografía : p. 93
590 _aInventariado, 2018/BT
999 _c46307
_d46307